000 00703nam a22001817a 4500
003 OSt
005 20250909190856.0
008 240903b ||||| |||| 00| 0 eng d
040 _c0
082 _aDPer 808.042 C686 June-February 2021 v. 72-73 n. 1-4
100 _aMihut, Ligia A.
_eauthor.
_960041
245 _aThe Politics of co-brokering :
_bmediation and affinity in critical times /
_cLigia A. Mihut.
260 _aUSA ;
_bNational Council of Teachers of English ,
_cFebruary 2022.
300 _aVolume 72-73, pages 437-464 ;
_c23 cm.
500 _aCollege Composition & Communication, vol. 73, n. 3, pages 437-464, February 2022.
700 _aMihut, Ligia A.
_eauthor.
_960041
942 _2ddc
_cPER
999 _c21276
_d21276